000 00496nam a2200181Ia 4500
005 20250326142433.0
008 250326s9999 xx 000 0 und d
037 _aTextbook
040 _aFMSL
_beng
_cFMSL
041 _aeng
_2eng
084 _aX:741 M11
_qFMSL
100 _aCroom G E
_9746063
245 0 _aNow you can profit from inflation
_cCroom G E; Van Der Wal J
260 _aNY
_bNY, VNR
_c1981
300 _a254p
942 _cTB
_hX:741 M11
999 _c1295019
_d1295019